000 00325nam a2200133Ia 4500
008 220216s9999 xx 000 0 und d
100 _aSanderson W E
245 0 _aColouring of cold cured rubber
260 _bIRI Transactions
_c1928
300 _a22-39
650 _aCold cured rubber
650 _aColouring
942 _cJS
999 _c55856
_d55856